Využitie výpočtovej techniky v technologických procesoch - aplikačné využitie mikropočítačov SM 50/40 pri riadení technologických liniek

Bibliographic Details
Main Author: Štefanička, Jozef (Author)
Format: Article
Language:Slovak
PhysicalDescription:Sch. 2. Graf 1., lit. 1 zázn. v slov.
Subjects:

MARC

LEADER 00000nab a2200000 a 4500
001 vtls000327921
003 SK-MaSNL
005 20260303210656.0
008 111202c1987 xo 0 slo
015 |a SNBRA19rr/mm-uuuuu 
035 |a CL0328043 
040 |a SNKBUCL  |b slo  |c SNKBUCL  |e AACR2 
041 0 |a slo 
044 |a xo  |c SK 
080 |a 621.757:681.323:621.382.049.7  |2 1981 
080 |a 681.323  |2 1981 
080 |a 621.382.049.7  |2 1981 
080 |a 658.515  |2 1981 
100 1 |a Štefanička, Jozef  |4 aut  |9 1242717 
245 1 0 |a Využitie výpočtovej techniky v technologických procesoch - aplikačné využitie mikropočítačov SM 50/40 pri riadení technologických liniek  |c Jozef Štefanička 
300 |b Sch. 2. Graf 1., lit. 1 zázn. v slov. 
650 0 7 |a dosky plošných spojov  |2 snkbucl  |9 940423 
650 0 7 |a automatická montáž  |2 snkbucl  |9 1242713 
650 0 7 |a systémy riadiace mikropočítačové  |2 snkbucl  |9 936721 
655 7 |a články zo zborníkov  |2 snkbucl  |9 166140 
773 0 |t Využitie výpočtovej techniky v riadení a prevádzke strojárskej výroby  |d Bratislava : Dom techniky ČSVTS, 1987  |g S. 17-24 
850 |a Slovenská národná knižnica v Martine  |a MTA001 
852 |a SNK  |b KIS3GCP 
958 |a RK 
992 |a RZB 
999 |c 2201217  |d 2203147